000 01169nam a2200313 a 4500
001 000112959
003 CHAP
005 20220329144330.0
008 170227s2016 mx sm |||||||spa d
010 _a109420
011 _a110392
040 _cCHAP
090 _aTesis
100 1 _aRuiz Ortega, Maricela
_9131635
245 1 0 _aPolimorfismos de Hsp y BoLA en las razas Jersey y criollo lechero tropical de México
_h[En línea]
_cpor Maricela Ruiz Ortega.
260 _aChapingo, Méx. :
_bEl autor,
_c2016.
500 _aPara ver el contenido del material haga clic en la liga
502 _aTesis (Ph.D. en Ciencias en Innovación Ganadera) -- UACH. Departamento de Zootecnia
590 _aE11695DGD
_b10
_c20170227
_lUCH01
_h1340
590 _aE11695DGD
_b10
_c20170306
_lUCH01
_h0933
590 _aE5765TAJ
_b05
_c20170301
_lUCH01
_h1137
590 _aE5765TAJ
_b05
_c20170301
_lUCH01
_h1137
650 1 4 _aGanado vacuno
_xPolimorfismos genéticos.
_9131637
650 1 4 _aGanado vacuno
_xTemperatura corporal
_xRegulación.
_9131636
856 _aFinding aid
_uhttp://10.13.5.2/tesis/sist112959.pdf
_zTeclea aquí
901 _aBK
942 _cTESIS
942 _n0
999 _c109420
_d109420